000 00535nam a2200193 i 4500
001 96647
003 ES-MaACL
005 20230906181943.0
007 t|
008 050629s1955 sp ||||1| spa d
100 1 _aMaluquer Wahl, Juan J.
_975884
245 1 0 _aTelevisión /
_cpor Juan José Maluquer.
260 _aBarcelona :
_bSeix Barral,
_c1955.
300 _a68 p. :
_bil. ;
_c18 cm.
490 1 _aColección Estudio
830 0 _aColección Estudio
_9181942
852 _aES-MaACL
_j1969-F-9
_bR.37416
999 _c96647
_d96647